Weather words and what they mean / (Record no. 3225)

MARC details
000 -LEADER
fixed length control field 00961pam a2200301 a 4500
005 - DATE AND TIME OF LATEST TRANSACTION
control field 20260325103504.0
020 ## - INTERNATIONAL STANDARD BOOK NUMBER
International Standard Book Number 0590444085
040 ## - CATALOGING SOURCE
Original cataloging agency DLC
Transcribing agency DLC
Modifying agency DLC
Language of cataloging eng
050 00 - LIBRARY OF CONGRESS CALL NUMBER
Classification number QC981.G53
Item number 1990
082 00 - DEWEY DECIMAL CLASSIFICATION NUMBER
Classification number 551.6014
100 1# - MAIN ENTRY--PERSONAL NAME
Personal name Gibbons, Gail
245 10 - TITLE STATEMENT
Title Weather words and what they mean /
Statement of responsibility, etc. by Bibbons, Gail
250 ## - EDITION STATEMENT
Edition statement First Scholastic printing, February 1991
260 ## - PUBLICATION, DISTRIBUTION, ETC.
Place of publication, distribution, etc. New York :
Name of publisher, distributor, etc. Scholastic ,
Date of publication, distribution, etc. 1990
300 ## - PHYSICAL DESCRIPTION
Extent 32 pages :
Other physical details color illustrations ;
Dimensions 21 cm .
500 ## - GENERAL NOTE
General note Cover title: Weather words.
505 ## - FORMATTED CONTENTS NOTE
Formatted contents note N <br/>
520 ## - SUMMARY, ETC.
Summary, etc. Introduces basic weather terms and concepts.
521 ## - TARGET AUDIENCE NOTE
Target audience note 590 <br/>
Source Lexile <br/>
521 ## - TARGET AUDIENCE NOTE
Target audience note N <br/>
Source Raz-Plus <br/>
650 #0 - SUBJECT ADDED ENTRY--TOPICAL TERM
Topical term or geographic name entry element Weather
General subdivision Terminology
-- Juvenile literature
650 #0 - SUBJECT ADDED ENTRY--TOPICAL TERM
Topical term or geographic name entry element Meteorology
General subdivision Terminology
-- Juvenile literature
650 #1 - SUBJECT ADDED ENTRY--TOPICAL TERM
Topical term or geographic name entry element Weather
General subdivision Terminology.
650 #1 - SUBJECT ADDED ENTRY--TOPICAL TERM
Topical term or geographic name entry element Meteorology
General subdivision Terminology
906 ## - LOCAL DATA ELEMENT F, LDF (RLIN)
a 7
b cbc
c orignew
d 1
e ocip
f 19
g y-gencatlg
942 ## - ADDED ENTRY ELEMENTS (KOHA)
Source of classification or shelving scheme Dewey Decimal Classification
Koha item type Books
Suppress in OPAC No
999 ## -
-- 3225
-- 3225
Holdings
Withdrawn status Lost status Source of classification or shelving scheme Damaged status Not for loan Collection Home library Current library Shelving location Date acquired Total Checkouts Full call number Barcode Date last seen Date last checked out Copy number Price effective from Koha item type
    Dewey Decimal Classification     Non-Fiction Footprints International School Library Network Toul Tom Poung Campus Footprints International School Library Network Toul Tom Poung Campus TTP Primary Yellow Bookshelves 02/20/2024 3 GIB 551.6014 QC981.G53 FISBK05077 04/23/2026 03/26/2026 1 02/20/2024 Books
    Dewey Decimal Classification     Non-Fiction Footprints International School Library Network Toul Tom Poung Campus Footprints International School Library Network Toul Tom Poung Campus TTP Primary Yellow Bookshelves 06/05/2025   GIB 551.6014 QC981.G53 FISTK02509 06/05/2025   2 06/05/2025 Books
    Dewey Decimal Classification     Non-Fiction Footprints International School Library Network Toul Tom Poung Campus Footprints International School Library Network Toul Tom Poung Campus TTP Primary Yellow Bookshelves 03/25/2026   GIB 551.6014 QC981.G53 FISBK05055 03/25/2026   3 03/25/2026 Books